[Event "Nahariagun op 21st"]
[Site "Nahariagun"]
[Date "2023.10.23"]
[Round "5"]
[White "Santanu, Borpatra Gohain"]
[Black "Stephen, Malsawmtluanga"]
[Result "0-1"]
[WhiteElo "1929"]
[BlackElo "1689"]
[PlyCount "114"]
[EventDate "2023.10.21"]
[EventType "swiss"]
[EventRounds "9"]
[EventCountry "IND"]
[SourceTitle "Mega2024 Update 01"]
[Source "Chessbase"]
[SourceDate "2023.11.12"]
[SourceVersion "1"]
[SourceVersionDate "2023.11.12"]
[SourceQuality "1"]

1. Nf3 d5 2. d4 Bf5 3. c4 e6 4. Nc3 Nf6 5. Bg5 Bb4 6. Qa4+ Nc6 7. Ne5 0-0 8. Nxc6 Bxc3+ 9. bxc3 Qd7 10. g4 Bg6 11. Bxf6 gxf6 12. Ne7+ Qxe7 13. Bg2 c6 14. h4 h6 15. f4 Qc7 16. 0-0 f5 17. g5 Bh5 18. Rf2 f6 19. Bf3 Bxf3 20. Rxf3 hxg5 21. hxg5 fxg5 22. fxg5 Kg7 23. Kf2 Qh2+ 24. Ke3 e5 25. Kd2 e4 26. Rff1 f4 27. cxd5 f3 28. Rae1 e3+ 29. Kc2 f2 30. Rd1 Qh5 31. Kd3 Qg6+ 32. Kxe3 Rae8+ 33. Kd2 Qxg5+ 34. Kc2 Rxe2+ 35. Kb1 Qxd5 36. Qxa7 Qe4+ 37. Ka1 Re1 38. Qxb7+ Rf7 39. Qxf7+ Kxf7 40. Rxf2+ Ke6 41. Rfd2 Kd5 42. Kb2 Rxd1 43. Rxd1 Qe2+ 44. Kc1 Qxa2 45. Rd2 Qa1+ 46. Kc2 Kc4 47. d5 Qxc3+ 48. Kd1 Qf3+ 49. Kc2 cxd5 50. Kb1 Qf1+ 51. Kb2 d4 52. Ka2 Kc3 53. Rb2 Qc4+ 54. Kb1 d3 55. Kc1 Qf4+ 56. Kb1 Qf1+ 57. Ka2 d2 0-1

[Event "IND-ch 59th"]
[Site "New Delhi"]
[Date "2023.01.03"]
[Round "13"]
[White "Santanu, Borpatra Gohain"]
[Black "Vatsal, Singla"]
[Result "1-0"]
[WhiteElo "1909"]
[BlackElo "1504"]
[PlyCount "89"]
[EventDate "2022.12.22"]
[EventType "swiss"]
[EventRounds "13"]
[EventCountry "IND"]
[SourceTitle "CBM 211 Extra"]
[Source "ChessBase"]
[SourceDate "2023.01.31"]
[SourceVersion "1"]
[SourceVersionDate "2023.01.31"]
[SourceQuality "1"]

1. Nf3 d5 2. d4 e6 3. c4 c6 4. Qc2 Nf6 5. Bg5 Be7 6. e3 0-0 7. Nc3 Nbd7 8. cxd5 exd5 9. Bd3 Re8 10. 0-0 g6 11. h3 Ne4 12. Bxe7 Qxe7 13. b4 Ndf6 14. b5 Bf5 15. bxc6 Rac8 16. Ne5 bxc6 17. Nxe4 Nxe4 18. Nf3 Qf6 19. Nd2 Nd6 20. Bxf5 Nxf5 21. Nf3 h5 22. Rab1 Re7 23. Rb3 g5 24. Rfb1 Kg7 25. Rb8 Ree8 26. Rxc8 Rxc8 27. Rb7 Nd6 28. Rxa7 g4 29. hxg4 hxg4 30. Ne5 Rh8 31. Rd7 Rh7 32. a4 c5 33. a5 Rh8 34. a6 c4 35. a7 Qh6 36. Qg6+ Qxg6 37. Nxg6 Rc8 38. Rxd6 c3 39. Rc6 Rxc6 40. a8Q Rb6 41. Ne5 c2 42. Nd3 g3 43. fxg3 Rb1+ 44. Kh2 Rd1 45. Qc6 1-0

[Event "IND-ch 59th"]
[Site "New Delhi"]
[Date "2023.01.02"]
[Round "12"]
[White "Swastik, Singhal"]
[Black "Santanu, Borpatra Gohain"]
[Result "0-1"]
[WhiteElo "1379"]
[BlackElo "1909"]
[PlyCount "76"]
[EventDate "2022.12.22"]
[EventType "swiss"]
[EventRounds "13"]
[EventCountry "IND"]
[SourceTitle "CBM 211 Extra"]
[Source "ChessBase"]
[SourceDate "2023.01.31"]
[SourceVersion "1"]
[SourceVersionDate "2023.01.31"]
[SourceQuality "1"]

1. c4 c5 2. Nc3 b6 3. g3 Bb7 4. Nf3 Nf6 5. Bg2 e6 6. 0-0 d6 7. a3 Nbd7 8. d3 Be7 9. b4 a6 10. Rb1 Ra7 11. e4 0-0 12. Ne1 Ne8 13. Nc2 Qa8 14. Ne3 Bf6 15. Ne2 Bd4 16. Nxd4 cxd4 17. Nc2 e5 18. f4 Qd8 19. f5 b5 20. cxb5 axb5 21. g4 d5 22. g5 dxe4 23. dxe4 Nd6 24. Re1 Qa8 25. Qe2 Rc8 26. Rb3 Rc7 27. Nxd4 Qc8 28. Bb2 exd4 29. Bxd4 Ra8 30. Rh3 Rc1 31. Be3 Rxe1+ 32. Qxe1 Rxa3 33. Qh4 Nf8 34. f6 Ra1+ 35. Bf1 Qc4 36. Qf4 Ne6 37. Qf2 Nxe4 38. Qf5 g6 0-1

[Event "IND-ch 59th"]
[Site "New Delhi"]
[Date "2022.12.31"]
[Round "10"]
[White "Santanu, Borpatra Gohain"]
[Black "Bapat, Aniket"]
[Result "1/2-1/2"]
[WhiteElo "1909"]
[BlackElo "1720"]
[PlyCount "201"]
[EventDate "2022.12.22"]
[EventType "swiss"]
[EventRounds "13"]
[EventCountry "IND"]
[SourceTitle "CBM 211 Extra"]
[Source "ChessBase"]
[SourceDate "2023.01.31"]
[SourceVersion "1"]
[SourceVersionDate "2023.01.31"]
[SourceQuality "1"]

1. Nf3 Nf6 2. c4 c5 3. Nc3 Nc6 4. g3 e6 5. Bg2 d5 6. cxd5 exd5 7. d4 cxd4 8. Nxd4 Bc5 9. Nb3 Bb6 10. Nxd5 Nxd5 11. Qxd5 Qxd5 12. Bxd5 Bh3 13. Bd2 0-0-0 14. Bxc6 bxc6 15. Ba5 Rhe8 16. Bxb6 axb6 17. Rd1 Bg2 18. Rxd8+ Rxd8 19. Rg1 Bd5 20. Nc1 b5 21. a3 Be4 22. f3 Bc2 23. Kf2 c5 24. Ke3 Kc7 25. Nd3 Bxd3 26. exd3 Kc6 27. Re1 c4 28. dxc4 bxc4 29. Re2 Rd3+ 30. Kf4 Rb3 31. Ke4 Rd3 32. h4 h6 33. h5 Kc5 34. g4 Rb3 35. Rd2 Rb7 36. Rd5+ Kc6 37. Rf5 Rxb2 38. Kd4 Ra2 39. Rxf7 Rxa3 40. Kxc4 Kd6 41. Kd4 Ke6 42. Rxg7 Rxf3 43. Rg6+ Rf6 44. Rg7 Rf4+ 45. Ke3 Rf7 46. Rg8 Rf6 47. Ra8 Kf7 48. Ra7+ Kg8 49. Ke4 Rf1 50. Ke5 Rf2 51. Ra6 Kg7 52. Rg6+ Kh7 53. Rf6 Re2+ 54. Kf5 Re7 55. Re6 Rf7+ 56. Ke5 Rg7 57. Kf5 Rg5+ 58. Kf4 Rg7 59. Re4 Ra7 60. Kf5 Kg7 61. Re6 Ra5+ 62. Re5 Ra7 63. Rd5 Rf7+ 64. Ke4 Ra7 65. Rd6 Re7+ 66. Kf5 Rf7+ 67. Ke5 Re7+ 68. Kd5 Rf7 69. Rg6+ Kh7 70. Re6 Kg7 71. Kd6 Rf6 72. Kd7 Rf4 73. Rg6+ Kf7 74. Kd8 Rd4+ 75. Kc7 Rf4 76. Kd7 Rd4+ 77. Kc6 Rf4 78. Kd5 Rf6 79. Rxf6+ Kxf6 80. Ke4 Ke6 81. Kf3 Kf7 82. Kf2 Kf6 83. Kg3 Ke6 84. Kf3 Kf7 85. Ke3 Ke7 86. Kd4 Kf6 87. Ke3 Ke7 88. Kf2 Kf6 89. Kg3 Ke6 90. Kf3 Kf7 91. Ke2 Kf6 92. Ke3 Ke7 93. Kd4 Kf6 94. Ke4 Ke6 95. Kf4 Kf6 96. g5+ hxg5+ 97. Kg4 Kg7 98. Kxg5 Kh8 99. Kg6 Kg8 100. h6 Kh8 101. h7 1/2-1/2

[Event "IND-ch 59th"]
[Site "New Delhi"]
[Date "2022.12.28"]
[Round "7"]
[White "Utsab, Chatterjee"]
[Black "Santanu, Borpatra Gohain"]
[Result "1-0"]
[WhiteElo "2350"]
[BlackElo "1909"]
[PlyCount "121"]
[EventDate "2022.12.22"]
[EventType "swiss"]
[EventRounds "13"]
[EventCountry "IND"]
[SourceTitle "CBM 211 Extra"]
[Source "ChessBase"]
[SourceDate "2023.01.31"]
[SourceVersion "1"]
[SourceVersionDate "2023.01.31"]
[SourceQuality "1"]

1. e4 e5 2. Nf3 Nf6 3. Nxe5 d6 4. Nf3 Nxe4 5. c4 Be7 6. d3 Nf6 7. d4 d5 8. Nc3 0-0 9. h3 a6 10. c5 b6 11. cxb6 cxb6 12. Bd3 Bb7 13. 0-0 Nbd7 14. Re1 Bb4 15. Qb3 Bxc3 16. bxc3 Ne4 17. Nd2 Ndf6 18. Rb1 b5 19. a4 Bc6 20. axb5 axb5 21. Nxe4 Nxe4 22. Qc2 Qa5 23. f3 Qxc3 24. Re2 Qxd4+ 25. Be3 Qf6 26. fxe4 dxe4 27. Bxe4 Bxe4 28. Qxe4 Rfe8 29. Qd3 Qe5 30. Rxb5 Ra1+ 31. Kf2 Qf6+ 32. Kg3 Raa8 33. Rd5 Qe6 34. Rg5 f6 35. Rh5 Qe4 36. Qd5+ Qxd5 37. Rxd5 Ra3 38. Kf2 Kf7 39. Rd7+ Kg6 40. Bc5 Rxe2+ 41. Kxe2 Ra8 42. Rc7 h5 43. Kf3 Kh6 44. Ke4 Re8+ 45. Be7 Kg6 46. Kd5 Kf5 47. Kd6 Rb8 48. Rc2 Rb6+ 49. Kd7 Kg6 50. Ke8 Rb8+ 51. Bd8 Ra8 52. Rd2 Kh7 53. Kf7 Ra3 54. Bc7 Rc3 55. Rd7 Rc2 56. g3 h4 57. g4 Ra2 58. Rd5 g6 59. Kxf6 Ra3 60. Rd7+ Kg8 61. Kxg6 1-0

[Event "New Delhi Parsvnath op 15th"]
[Site "New Delhi"]
[Date "2017.01.09"]
[Round "1"]
[White "Sivuk, Vitaly"]
[Black "Santanu, Borpatra Gohain"]
[Result "1-0"]
[WhiteElo "2540"]
[BlackElo "2051"]
[PlyCount "51"]
[EventDate "2017.01.09"]
[EventType "swiss"]
[EventRounds "10"]
[EventCountry "IND"]
[SourceTitle "CBM 176 Extra"]
[Source "ChessBase"]
[SourceDate "2017.03.02"]
[SourceVersion "1"]
[SourceVersionDate "2017.03.02"]
[SourceQuality "1"]

1. e4 d6 2. d4 Nf6 3. Nc3 e5 4. Nf3 exd4 5. Nxd4 Be7 6. Bf4 0-0 7. Qd2 Re8 8. 0-0-0 Bf8 9. f3 a6 10. g4 b5 11. Kb1 Bb7 12. Nf5 Nbd7 13. h4 Nb6 14. h5 b4 15. Ne2 d5 16. g5 Nfd7 17. g6 dxe4 18. Ned4 Ne5 19. h6 fxg6 20. hxg7 Bd6 21. Bxe5 Rxe5 22. Qh6 Kf7 23. Qxh7 Kf6 24. Nh6 Re8 25. g8Q Rxg8 26. Ng4+ 1-0

[Event "IND-chB 51st"]
[Site "Bhopal"]
[Date "2013.10.15"]
[Round "4"]
[White "Sengupta, Deep"]
[Black "Santanu, Borpatra Gohain"]
[Result "1-0"]
[WhiteElo "2589"]
[BlackElo "2103"]
[PlyCount "65"]
[EventDate "2013.10.12"]
[EventType "swiss"]
[EventRounds "13"]
[EventCountry "IND"]
[SourceTitle "EXT 2014"]
[Source "ChessBase"]
[SourceDate "2013.11.20"]
[SourceVersion "1"]
[SourceVersionDate "2013.11.20"]
[SourceQuality "1"]

1. e4 e5 2. Nf3 Nf6 3. Nc3 Bb4 4. Nxe5 0-0 5. Nd3 Bxc3 6. dxc3 Nxe4 7. Nf4 d6 8. Be2 Nd7 9. 0-0 Ndf6 10. c4 Re8 11. Be3 Bd7 12. Re1 Bc6 13. Bf1 h6 14. c3 Qc8 15. f3 Ng5 16. Nd5 Nxd5 17. cxd5 Bd7 18. Qd4 Bf5 19. h4 Nh7 20. g4 Bd7 21. Bd3 Qd8 22. g5 hxg5 23. Bxh7+ Kxh7 24. hxg5 Kg6 25. Kg2 Rh8 26. Rh1 Qe7 27. Rae1 Rae8 28. Rh4 Bf5 29. Bd2 Qd8 30. Reh1 b6 31. Kf2 Qc8 32. c4 Reg8 33. Rh6+ 1-0

[Event "IND-chB 51st"]
[Site "Bhopal"]
[Date "2013.10.13"]
[Round "2"]
[White "Laxman, Rajaram"]
[Black "Santanu, Borpatra Gohain"]
[Result "1-0"]
[WhiteElo "2424"]
[BlackElo "2103"]
[PlyCount "77"]
[EventDate "2013.10.12"]
[EventType "swiss"]
[EventRounds "13"]
[EventCountry "IND"]
[SourceTitle "EXT 2014"]
[Source "ChessBase"]
[SourceDate "2013.11.20"]
[SourceVersion "1"]
[SourceVersionDate "2013.11.20"]
[SourceQuality "1"]

1. d4 d5 2. Nf3 Nf6 3. c4 e6 4. g3 Be7 5. Bg2 0-0 6. 0-0 dxc4 7. Qc2 a6 8. Qxc4 b5 9. Qc2 Bb7 10. Bd2 Be4 11. Qc1 Nbd7 12. Ba5 Rc8 13. Nbd2 Ba8 14. Qc2 Qe8 15. b4 Nd5 16. a3 f5 17. Rac1 Qg6 18. Rfe1 Qh6 19. e4 fxe4 20. Nxe4 Rf5 21. h4 Rcf8 22. Nfg5 Bxg5 23. hxg5 Qg6 24. Qe2 e5 25. Qd2 exd4 26. Qxd4 Ne5 27. Nd2 Qxg5 28. Bxd5+ Bxd5 29. Qxd5+ Kh8 30. Rxc7 Qxd2 31. Qxd2 Nf3+ 32. Kg2 Nxd2 33. Bb6 Nc4 34. Bd4 Rg5 35. Ree7 Rg8 36. f4 Rg6 37. f5 Rg4 38. f6 Rd8 39. f7 1-0

[Event "New Delhi Parsvnath op 10th"]
[Site "New Delhi"]
[Date "2012.01.23"]
[Round "11"]
[White "Santanu, Borpatra Gohain"]
[Black "Ankit, R Rajpara"]
[Result "1/2-1/2"]
[WhiteElo "2112"]
[BlackElo "2349"]
[PlyCount "61"]
[EventDate "2012.01.15"]
[EventType "swiss"]
[EventRounds "11"]
[EventCountry "IND"]
[SourceTitle "CBM 146 Extra"]
[Source "ChessBase"]
[SourceDate "2012.02.29"]
[SourceVersion "1"]
[SourceVersionDate "2012.02.29"]
[SourceQuality "1"]

1. Nf3 Nf6 2. c4 c6 3. Nc3 d5 4. d4 e6 5. Bg5 Nbd7 6. cxd5 exd5 7. e3 Be7 8. Bd3 Ne4 9. Bxe7 Qxe7 10. Qc2 f5 11. 0-0 0-0 12. Rab1 Rf6 13. b4 Rh6 14. b5 g5 15. bxc6 bxc6 16. Rfe1 g4 17. Bxe4 fxe4 18. Nd2 Qh4 19. Nf1 Ba6 20. Ne2 Bd3 21. Qa4 Bxb1 22. Rxb1 Qd8 23. Nf4 Nb6 24. Qa6 Qc8 25. Qa3 Qc7 26. Nd2 Kh8 27. g3 Rf6 28. Kg2 Rd8 29. Rh1 Rh6 30. Rc1 Qd7 31. Qa6 1/2-1/2